Countries with Largest Oil Consumption - Statistics

General Stats
  • This quiz has been taken 105 times
  • The average score is 18 of 20
Answer Stats
Oil consumption(bbl/day) Answer % Correct
19,880,000 United States
99%
13,226,000 China
98%
1,226,000 Spain
98%
1,559,000 United Kingdom
98%
1,606,000 France
97%
2,447,000 Germany
96%
4,690,000 India
96%
3,017,000 Brazil
95%
1,926,000 Mexico
95%
3,988,000 Japan
94%
3,224,000 Russia
94%
2,428,000 Canada
92%
1,262,000 Italy
92%
1,628,000 Indonesia
88%
2,796,000 South Korea
85%
1,947,000 Iran
82%
3,918,000 Saudi Arabia
82%
1,344,100 Thailand
69%
1,031,100 Taiwan
55%
1,339,000 Singapore
48%
No matching quizzes found
Score Distribution
Percent of People with Each Score
Percentile by Number Answered
Your Score History
You have not taken this quiz